[Event "Druzynowe Mistrzostwa Polski II Liga"]
[Site "Szklarska Poreba"]
[Date "1899-12-30"]
[Round "2.2"]
[White "Dobrowolski, Aleksander"]
[Black "Grabarczyk, Miroslaw"]
[Result "1/2-1/2"]
[WhiteTitle "m"]
[BlackTitle "GM"]
[WhiteElo "2266"]
[BlackElo "2422"]

1. d4 d5 2. c4 e6 3. Nc3 Nf6 4. cxd5 exd5 5. Bg5 c6 6. e3 Be7 7. Qc2 Bg4 8. Bd3
Bh5 9. Nge2 Bg6 10. Ng3 Na6 11. Bxg6 hxg6 12. O-O-O Nh5 13. Bxe7 Qxe7 14. Kb1
O-O-O 15. a3 Nc7 16. b4 Kb8 17. Ka2 Rc8 18. Qe2 Nb5 19. Nxb5 cxb5 20. Rc1 Rc4
21. Qf3 Qc7 22. Ne2 Nf6 23. Rxc4 bxc4 24. Nc3 Qd7 25. Qf4+ Ka8 26. f3 Qf5 27.
Qxf5 gxf5 28. h3 Kb8 29. Kb2 Kc7 30. Kc2 Kd7 31. Kd2 Ke6 32. Re1 Rh4 33. Re2 a6
34. a4 Kd6 35. a5 Kc6 36. Ke1 Ne8 37. e4 fxe4 38. fxe4 Nf6 39. exd5+ Nxd5 40.
Nxd5 Kxd5 41. Kd2 Rxd4+ 42. Kc2 Re4 43. Rd2+ Kc6 44. Kc3 f5 45. Rd8 Re2 46. Rf8
Rxg2 47. Rxf5 Rg3+ 48. Kxc4 Rxh3 49. Rf7 Rh4+ 50. Kb3 Rg4 51. Kc3 Rg3+ 52. Kc4
b5+ 53. axb6 Kxb6 54. Re7 Rg6 55. Rf7 Rc6+ 56. Kb3 Rc7 57. Rf8 a5 58. bxa5+ Kxa5
59. Rf5+ Kb6 60. Rg5 Kb7 61. Kb4 Kc8 62. Rc5 Kd7 63. Rxc7+ Kxc7 64. Kc5 1/2-1/2

[Event "Druzynowe Mistrzostwa Polski II Liga"]
[Site "Szklarska Poreba"]
[Date "1899-12-30"]
[Round "2.3"]
[White "Aliavdin, Nikolai"]
[Black "Kwiecinski, Marian"]
[Result "1/2-1/2"]
[WhiteTitle "IM"]
[BlackTitle "k"]
[WhiteElo "2342"]
[BlackElo "2216"]

1. e4 c5 2. Nf3 Nc6 3. d4 cxd4 4. Nxd4 g6 5. Nc3 Bg7 6. Be3 d6 7. Qd2 Nf6 8. f3
Bd7 9. g4 h5 10. g5 Nh7 11. h4 Nf8 12. O-O-O Ne6 13. Nb3 Ne5 14. f4 Ng4 15. f5
gxf5 16. exf5 Nc7 17. f6 exf6 18. Bf4 O-O 19. Bxd6 Bc6 20. Rh3 Re8 21. Na5 Ne6
22. Nxc6 bxc6 23. Bc4 Qa5 24. Ne2 Qxd2+ 25. Rxd2 fxg5 26. hxg5 Nxg5 27. Rxh5 Ne4
28. Rd3 Nef6 29. Rg3 Rad8 30. Bb4 Re4 31. Rh4 Rxc4 32. Be7 Re8 33. Bxf6 Bxf6 34.
Rhxg4+ Rxg4 35. Rxg4+ Kh7 36. Rg2 Bg7 37. c3 f5 38. Kc2 Re4 39. Kd3 c5 40. b3
Kh6 41. Rf2 Re5 42. Rf4 Bf6 43. Rf3 Bg5 44. c4 Kh5 45. Rh3+ Kg4 1/2-1/2

[Event "Druzynowe Mistrzostwa Polski II Liga"]
[Site "Szklarska Poreba"]
[Date "1899-12-30"]
[Round "2.4"]
[White "Grossmann, Ryszard"]
[Black "Flak, Pawel"]
[Result "1/2-1/2"]
[WhiteTitle "FM"]
[BlackTitle "k"]
[WhiteElo "2070"]
[BlackElo "2210"]

1. d4 Nf6 2. c4 b6 3. Nc3 Bb7 4. f3 d5 5. cxd5 Nxd5 6. e4 Nxc3 7. bxc3 e6 8. Be3
Be7 9. Bd3 O-O 10. Ne2 c5 11. O-O cxd4 12. cxd4 Nc6 13. Qd2 Nb4 14. Bc4 Rc8 15.
Rac1 a6 16. Rfd1 b5 17. Bb3 Rxc1 18. Rxc1 Qd7 19. Nc3 Rd8 20. Qe2 h6 21. a4 Bc6
22. axb5 Bxb5 23. Nxb5 axb5 24. Qd2 Ra8 25. Qc3 Ra3 26. Ra1 Qa7 27. Rxa3 Qxa3
28. g3 Nc6 29. Bc1 Qd6 30. d5 exd5 31. Bxd5 Nb4 32. Bb3 Nc6 33. Be3 b4 34. Qc4
Ne5 35. Qe2 Qc6 36. f4 Qc3 37. Bd5 Ng4 38. Qxg4 Qxe3+ 39. Kg2 Qa7 40. Qc8+ Bf8
41. Qc4 Bd6 42. e5 Bf8 43. f5 Qe7 44. h4 Qxe5 45. Bxf7+ Kh8 46. Be6 Qb8 47. Qd3
Qe5 48. Qf3 Bd6 49. Kh3 Qf6 50. Qh5 Bf8 51. Bb3 Kh7 52. Qf3 Qd6 53. Kg4 Qd4+ 54.
Kh5 Qf6 55. Qe4 Be7 56. Be6 Bd6 57. Kg4 Be7 58. Qd3 Bf8 59. Bb3 Bc5 60. Qd5 Qd4+
61. Kh5 Qxd5 62. Bxd5 Be7 63. g4 g6+ 64. fxg6+ Kg7 65. Bf7 Bd8 66. Bb3 Be7 67.
g5 hxg5 68. hxg5 Bc5 69. Bc2 Be3 70. Kg4 Bd2 71. Kf5 Bc1 72. Ke4 1/2-1/2

[Event "Druzynowe Mistrzostwa Polski II Liga"]
[Site "Szklarska Poreba"]
[Date "1899-12-30"]
[Round "2.5"]
[White "Jedryczka, Krystian"]
[Black "Helaszek, Edward"]
[Result "1-0"]
[WhiteTitle "m"]
[BlackTitle "k"]
[WhiteElo "2208"]
[BlackElo "2006"]

1. e4 e5 2. Nf3 Nc6 3. Bc4 Nf6 4. d3 h6 5. c3 d6 6. h3 Be7 7. Nbd2 a6 8. d4 O-O
9. d5 Nb8 10. g4 Nh7 11. Nf1 Nd7 12. Be3 Re8 13. Ng3 Ndf8 14. Qd2 Ng6 15. O-O-O
Ng5 16. Ng1 Nh4 17. Bf1 Nh7 18. Nf5 Bxf5 19. gxf5 Bg5 20. Kb1 g6 21. fxg6 fxg6
22. Be2 Rf8 23. Bg4 h5 24. Be6+ Kg7 25. Ne2 Bxe3 26. Qxe3 Rf3 27. Qd2 Qg5 28.
Qe1 Raf8 29. Ng3 Qf4 30. Rg1 Ng5 31. Bf5 Nxf5 32. exf5 h4 33. Rd4 exd4 34. Qe7+
Kg8 35. Nh5 Qxf5+ 36. Ka1 Rxf2 1-0

[Event "Druzynowe Mistrzostwa Polski II Liga"]
[Site "Szklarska Poreba"]
[Date "1899-12-30"]
[Round "2.6"]
[White "Korosciel, Aneta"]
[Black "Leszner, Liliana"]
[Result "1/2-1/2"]
[WhiteTitle "m"]
[BlackTitle "WIM"]
[WhiteElo "2017"]
[BlackElo "2055"]

1. Nf3 g6 2. d4 Bg7 3. c3 Nf6 4. Bf4 d6 5. h3 Nbd7 6. e3 O-O 7. Be2 c6 8. O-O Ne4
9. Nbd2 Ndf6 10. Bd3 Nxd2 11. Qxd2 d5 12. Qc2 h6 13. Rfe1 Be6 14. Re2 Rc8 15.
Rae1 Ne4 16. Bxe4 dxe4 17. Nd2 f5 18. f3 g5 19. Bh2 exf3 20. Nxf3 c5 21. Qa4 a6
22. Ne5 Bf6 23. Rf2 Qd5 24. Qd1 Bxe5 25. Bxe5 Qe4 26. a3 Bd5 27. Bg3 c4 28. Qf3
Rc6 29. Qxe4 Bxe4 30. Be5 Rb6 31. Ree2 e6 32. Kh2 1/2-1/2

[Event "Druzynowe Mistrzostwa Polski II Liga"]
[Site "Szklarska Poreba"]
[Date "1899-12-30"]
[Round "2.7"]
[White "Janaszak, Dawid"]
[Black "Zylka, Stanislaw"]
[Result "1/2-1/2"]
[WhiteTitle "FM"]
[BlackTitle "FM"]
[WhiteElo "2382"]
[BlackElo "2344"]

1. d4 d5 2. Bf4 c5 3. e3 Nc6 4. Nc3 cxd4 5. exd4 a6 6. Nf3 Nf6 7. Be2 Bf5 8. O-O
e6 9. Na4 Be7 10. c3 O-O 11. b4 Ne4 12. Nd2 Bd6 13. Bxd6 Nxd6 14. Nc5 a5 15. b5
Nb8 16. a4 b6 17. Nd3 Bxd3 18. Bxd3 Nd7 19. Re1 Rc8 20. Rc1 g6 21. Qg4 Nf6 22.
Qf4 Kg7 23. Nf3 Nc4 24. Ne5 Nb2 25. Re3 Nxa4 26. Rh3 Nh5 27. Qg4 f5 28. Qf3 Rxc3
29. Qe3 Rxc1+ 30. Qxc1 Qc8 31. Qg5 Qd8 32. Rxh5 Qxg5 33. Rxg5 Nc3 34. Rg3 a4 35.
Bf1 Nb1 36. Bd3 Nc3 37. Bf1 Nb1 38. Bd3 Nc3 1/2-1/2

[Event "Druzynowe Mistrzostwa Polski II Liga"]
[Site "Szklarska Poreba"]
[Date "1899-12-30"]
[Round "2.8"]
[White "Tomaszewski, Kacper"]
[Black "Dudzinski, Piotr"]
[Result "1-0"]
[WhiteTitle "k"]
[BlackTitle "FM"]
[WhiteElo "2221"]
[BlackElo "2341"]

1. d4 d5 2. c4 e6 3. Nc3 Nf6 4. Nf3 Be7 5. cxd5 exd5 6. Bg5 c6 7. Qc2 O-O 8. e3
Nbd7 9. Bd3 Re8 10. h3 Nf8 11. Bf4 Bd6 12. Bxd6 Qxd6 13. O-O-O b5 14. Kb1 a5 15.
Rc1 Bd7 16. g4 Reb8 17. g5 Ne8 18. Ne5 a4 19. Ne2 Rb6 20. Ng3 Qe7 21. f4 Nd6 22.
Qc5 Nc8 23. f5 Qxg5 24. Rhg1 f6 25. h4 Qxh4 26. Nf3 Qh3 27. Rc2 Be8 28. Rh2 Qg4
29. Be2 Nd7 30. Qc1 g5 31. Nd2 1-0

[Event "Druzynowe Mistrzostwa Polski II Liga"]
[Site "Szklarska Poreba"]
[Date "1899-12-30"]
[Round "2.9"]
[White "Dudzinski, Pawel"]
[Black "Walach, Marcin"]
[Result "0-1"]
[WhiteTitle "FM"]
[BlackTitle "FM"]
[WhiteElo "2244"]
[BlackElo "2320"]

1. e4 c5 2. Nc3 e6 3. g3 d5 4. exd5 exd5 5. d4 cxd4 6. Qxd4 Nf6 7. Bg5 Nc6 8. Bb5
Be7 9. Bxf6 Bxf6 10. Qc5 Qb6 11. Qxb6 axb6 12. Nge2 Bg4 13. Nf4 Bf3 14. O-O O-O-O
15. Be2 Bxe2 16. Ncxe2 Rhe8 17. Nc3 Bxc3 18. bxc3 g5 19. Ng2 Re2 20. Ne3 d4 21.
cxd4 Nxd4 22. Kg2 f5 23. Rfe1 Rxe1 24. Rxe1 f4 25. gxf4 gxf4 26. Nc4 b5 27. Na3
b4 28. Nb1 Rg8+ 29. Kh3 Nf3 30. Rc1 h5 31. c3 Rg4 32. cxb4+ Kb8 33. Nc3 Ng5# 0-1

[Event "Druzynowe Mistrzostwa Polski II Liga"]
[Site "Szklarska Poreba"]
[Date "1899-12-30"]
[Round "2.10"]
[White "Wolynski, Krzysztof"]
[Black "Wlodarczyk, Oskar"]
[Result "1/2-1/2"]
[WhiteTitle "I++"]
[BlackTitle "FM"]
[WhiteElo "2118"]
[BlackElo "2281"]

1. d4 Nf6 2. c4 c5 3. d5 e5 4. Nc3 d6 5. e4 Be7 6. Nge2 O-O 7. Ng3 Na6 8. Bd3 Nc7
9. O-O Nfe8 10. a3 Bg5 11. b4 b6 12. Bd2 Bxd2 13. Qxd2 Nf6 14. h3 Kh8 15. Nd1
g6 16. f4 Nd7 17. f5 Qh4 18. Rf3 g5 19. Nf2 Nf6 20. Nf1 Nd7 21. g3 Qh5 22. Kg2
f6 23. Be2 Qf7 24. Bd1 b5 25. Be2 bxc4 26. Bxc4 Nb6 27. Be2 c4 28. Rc1 Nb5 29.
Bxc4 Nd4 30. Re3 Bxf5 31. Ba2 Bg6 32. g4 Rac8 33. Ng3 Qd7 34. Rcc3 Qb5 35. Qc1
Rxc3 36. Rxc3 Ne2 37. Nxe2 Qxe2 38. Bb1 Bf7 39. Bd3 Qa2 40. Rc7 Bxd5 41. exd5
Nxd5 42. Bc4 Nb6 1/2-1/2

[Event "Druzynowe Mistrzostwa Polski II Liga"]
[Site "Szklarska Poreba"]
[Date "1899-12-30"]
[Round "2.11"]
[White "Michalski, Filip"]
[Black "Cieslak, Patrycjusz"]
[Result "0-1"]
[WhiteTitle "k"]
[BlackTitle "I"]
[WhiteElo "2166"]
[BlackElo "1988"]

1. d4 d5 2. c4 c6 3. Nc3 Nf6 4. e3 e6 5. Nf3 Bd6 6. Qc2 O-O 7. Bd3 dxc4 8. Bxc4
Nbd7 9. O-O e5 10. a3 a5 11. Rd1 Qc7 12. Ba2 Re8 13. Ng5 Re7 14. h3 exd4 15. exd4
Nb6 16. Bd2 Bf4 17. Rac1 h6 18. Nge4 Nxe4 19. Nxe4 Bxd2 20. Rxd2 Qf4 21. Ng3 Be6
22. Bb1 g6 23. Rdd1 Nc4 24. Qc3 Bd5 25. Re1 Rae8 26. Rxe7 Rxe7 27. Bd3 Nd2 28.
Bf1 Nxf1 29. Rxf1 h5 30. Qxa5 Re8 31. Re1 Rxe1+ 32. Qxe1 h4 33. Nf1 Qxd4 34. Qc1
Kg7 35. Ne3 Be6 36. Qc2 c5 37. Nd1 b5 38. Qc3 Kf6 39. Kf1 Ke5 40. Ne3 f5 41. g3
hxg3 42. fxg3 Qxc3 43. bxc3 Ke4 44. Ke2 g5 45. h4 f4 46. gxf4 gxh4 47. Kf2 h3
48. Nf1 Kxf4 49. Nh2 Bc4 50. Nf3 Bd5 51. Nh2 Bg2 0-1

[Event "Druzynowe Mistrzostwa Polski II Liga"]
[Site "Szklarska Poreba"]
[Date "1899-12-30"]
[Round "2.12"]
[White "Cieslak, Wiktoria"]
[Black "Czerwinska, Milena"]
[Result "1-0"]
[WhiteTitle "k++"]
[BlackTitle "WFM"]
[WhiteElo "1824"]
[BlackElo "2013"]

1. e4 d6 2. d4 Nf6 3. Nc3 g6 4. f4 Bg7 5. Nf3 O-O 6. Bd3 Na6 7. e5 Nd7 8. Qe2 e6
9. h4 Nb4 10. h5 c5 11. hxg6 Nxd3+ 12. Qxd3 hxg6 13. Ng5 Re8 14. Nce4 dxe5 15.
dxe5 c4 16. Qh3 Nf8 17. Nh7 Nxh7 18. Qxh7+ Kf8 19. Bd2 a5 20. O-O-O Qe7 21. Be3
Qc7 22. Nf6 1-0

[Event "Druzynowe Mistrzostwa Polski II Liga"]
[Site "Szklarska Poreba"]
[Date "1899-12-30"]
[Round "2.13"]
[White "Mroziak, Maciej"]
[Black "Karwowski, Kacper"]
[Result "1-0"]
[WhiteTitle "IM"]
[BlackTitle "k"]
[WhiteElo "2406"]
[BlackElo "2238"]

1. e4 c5 2. Nf3 d6 3. Bb5+ Nc6 4. Bxc6+ bxc6 5. O-O Bg4 6. h3 Bxf3 7. Qxf3 Qd7
8. b3 e5 9. Na3 Ne7 10. Bb2 Ng6 11. c3 Be7 12. d4 cxd4 13. cxd4 exd4 14. Bxd4
O-O 15. Nc4 Qe6 16. Rfe1 Ne5 17. Bxe5 dxe5 18. Rac1 Bc5 19. Qf5 Bd4 20. Re2 a5
21. Qxe6 fxe6 22. Nb2 c5 23. Nd3 a4 24. Nxc5 Rac8 25. b4 a3 26. Rcc2 Rc6 27. Nb3
Rfc8 28. Nxd4 exd4 29. Rxc6 Rxc6 30. Rd2 e5 31. f4 Rc1+ 32. Kf2 Rb1 33. fxe5 Rxb4
34. Kf3 Rb2 35. Rxd4 Rxa2 36. e6 Kf8 37. Ra4 Ke7 38. Ra6 Kf6 39. g4 Rh2 40. g5+
Ke7 41. Kf4 a2 42. Ke5 Rb2 43. Ra7+ Ke8 44. h4 Rd2 45. h5 Rb2 46. e7 Rb5+ 47.
Ke6 Rb6+ 48. Kf5 g6+ 49. hxg6 hxg6+ 50. Ke5 Re6+ 51. Kd5 Rxe7 52. Rxa2 Kf7 53.
Rf2+ Kg7 54. e5 Ra7 55. e6 Ra5+ 56. Kd6 Ra6+ 57. Kd7 Ra7+ 58. Kc8 Ra8+ 59. Kb7
Ra5 60. Rf7+ Kg8 61. Kc6 Rxg5 62. Ra7 Re5 63. Kd6 Re1 64. Ra8+ Kg7 65. e7 Kf7
66. Rf8+ 1-0

[Event "Druzynowe Mistrzostwa Polski II Liga"]
[Site "Szklarska Poreba"]
[Date "1899-12-30"]
[Round "2.14"]
[White "Sapis, Witalis"]
[Black "Wandzik, Wojciech"]
[Result "1/2-1/2"]
[WhiteTitle "IM"]
[BlackTitle "m"]
[WhiteElo "2388"]
[BlackElo "2396"]

1. d4 Nf6 2. Nf3 e6 3. Bf4 b6 4. e3 Bb7 5. c3 Be7 6. h3 Ne4 7. Bd3 O-O 8. Qc2 f5
9. O-O Kh8 10. Nbd2 Nxd2 11. Nxd2 d6 12. Bh2 Nd7 13. e4 f4 14. e5 dxe5 15. Bxh7
Nf6 16. Bg6 Qd5 17. Nf3 exd4 18. cxd4 Bd6 19. Rfe1 Qb5 20. Ne5 Qd5 21. Nf3 Qb5
22. Ne5 Qd5 23. Nf3 1/2-1/2

[Event "Druzynowe Mistrzostwa Polski II Liga"]
[Site "Szklarska Poreba"]
[Date "1899-12-30"]
[Round "2.15"]
[White "Gola, Karol"]
[Black "Rudnicki, Milosz"]
[Result "1/2-1/2"]
[WhiteTitle "k"]
[BlackTitle "k"]
[WhiteElo "2207"]
[BlackElo "2164"]

1. e4 c5 2. Nf3 Nc6 3. Bb5 d6 4. Bxc6+ bxc6 5. O-O Bg4 6. d3 g6 7. h3 Bxf3 8. Qxf3
Qc7 9. Qe2 Nf6 10. f4 Nd7 11. Bd2 Bg7 12. Bc3 Bd4+ 13. Bxd4 cxd4 14. Nd2 O-O 15.
Qf2 c5 16. f5 Ne5 17. b3 Qd7 18. Qh4 f6 19. fxg6 hxg6 20. Qh6 Rf7 21. Nf3 Nxf3+
22. Rxf3 g5 23. Raf1 Rh7 24. Qg6+ Rg7 25. Qh5 Rh7 26. Qg6+ Rg7 27. Qh5 Rh7 28.
Qg6+ Rg7 29. Qh5 Rh7 30. Qg6+ Rg7 1/2-1/2

[Event "Druzynowe Mistrzostwa Polski II Liga"]
[Site "Szklarska Poreba"]
[Date "1899-12-30"]
[Round "2.16"]
[White "Gosciniak, Tomasz"]
[Black "Lizak, Jakub"]
[Result "0-1"]
[WhiteTitle "I"]
[BlackTitle "k"]
[WhiteElo "1924"]
[BlackElo "2222"]

1. d4 Nf6 2. Nf3 e6 3. c4 c5 4. Nc3 cxd4 5. Nxd4 Nc6 6. Bg5 Qa5 7. Bxf6 gxf6 8.
a3 Qb6 9. Nb3 Be7 10. e3 Rg8 11. c5 Qc7 12. Qh5 Rg7 13. Nb5 Qb8 14. O-O-O b6 15.
Nd6+ Kf8 16. Nxc8 Qxc8 17. Kb1 bxc5 18. Nxc5 Ne5 19. Na6 Qb7 20. Ka1 Rc8 21. Qh4
Ng4 22. Bd3 f5 23. Qg3 Nxf2 24. Qxf2 Rxg2 25. Qxg2 Qxg2 0-1

[Event "Druzynowe Mistrzostwa Polski II Liga"]
[Site "Szklarska Poreba"]
[Date "1899-12-30"]
[Round "2.17"]
[White "Kalmuk, Krzysztof"]
[Black "Kowalski, Maciej"]
[Result "1/2-1/2"]
[WhiteTitle "I++"]
[BlackTitle "k"]
[WhiteElo "2030"]
[BlackElo "2060"]

1. d4 d5 2. c4 dxc4 3. Nc3 e5 4. d5 Nf6 5. e4 b5 6. Nxb5 Nxe4 7. Nc3 Nd6 8. Nf3
Nd7 9. Qa4 g6 10. Bg5 f6 11. Be3 Kf7 12. Bxc4 Nb6 13. Bxb6 cxb6 14. Bb3 a6 15.
O-O b5 16. Qh4 Be7 17. Ne4 Bf5 18. Nfd2 Kg7 19. Nxd6 Bxd6 20. Rac1 Qa5 21. Rc6
Rhd8 22. Ne4 Bxe4 23. Qxe4 Rac8 24. Qc2 Rxc6 25. dxc6 Bc7 26. Rd1 Rxd1+ 27. Qxd1
Qb4 28. Qd7+ Kh6 29. Qh3+ Kg7 30. Qd7+ Kh6 31. Kf1 Qd6 32. Qxd6 Bxd6 33. Ke2 Kg7
34. Kd3 Kf8 35. Ke4 1/2-1/2

[Event "Druzynowe Mistrzostwa Polski II Liga"]
[Site "Szklarska Poreba"]
[Date "1899-12-30"]
[Round "2.18"]
[White "Gosciniak, Maria"]
[Black "Mazur, Anna"]
[Result "1-0"]
[WhiteTitle "WFM"]
[BlackTitle "I+"]
[WhiteElo "2070"]
[BlackElo "1693"]

1. e4 c5 2. Nf3 e6 3. d4 cxd4 4. Nxd4 a6 5. Bd3 Nf6 6. O-O Qc7 7. c4 Be7 8. Nc3
b6 9. Be3 d6 10. f4 Nbd7 11. Rc1 O-O 12. b4 Bb7 13. Qe2 Rac8 14. Kh1 Qb8 15. a3
Qa8 16. Bg1 d5 17. cxd5 exd5 18. e5 Ne4 19. Na4 b5 20. Nb2 Rfe8 21. Rxc8 Rxc8
22. Nd1 Bf8 23. Qg4 Rd8 24. Ne3 Qc8 25. Ne2 Qc6 26. Rc1 Qb6 27. Qh4 d4 28. Ng4
Nb8 29. Ng3 Nxg3+ 30. Qxg3 Kh8 31. f5 Rc8 32. Rxc8 Bxc8 33. Qf4 Nc6 34. h3 Qa7
35. f6 g6 36. Nh6 Be6 37. Ng4 Qd7 38. Nh2 Qd5 39. Nf3 Qb3 40. Be4 Bd5 41. Nxd4
Nxd4 42. Bxd4 Qd1+ 43. Bg1 Be6 44. Bb7 Qd3 45. Qe3 Qf1 46. Kh2 h5 47. Qd2 Kh7
48. Be3 Qa1 49. Bd4 Qxa3 50. Bc3 Bh6 51. Qd4 Qc1 52. Kg3 h4+ 53. Kf2 Bf4 54. Be4
Bg3+ 55. Ke2 Bc4+ 56. Bd3 Qh1 57. Bxc4 Qxg2+ 58. Kd1 bxc4 59. Qxc4 Qf3+ 60. Kc2
Qf5+ 61. Kb3 Kg8 62. Qxa6 Qxh3 63. Qa8+ Kh7 64. Qf8 1-0

[Event "Druzynowe Mistrzostwa Polski II Liga"]
[Site "Szklarska Poreba"]
[Date "1899-12-30"]
[Round "2.19"]
[White "Chmiel, Marcin"]
[Black "Kumala, Aleksander"]
[Result "1-0"]
[WhiteTitle "k"]
[BlackTitle "k"]
[WhiteElo "2250"]
[BlackElo "2215"]

1. d4 Nf6 2. Bf4 d5 3. e3 c5 4. Nc3 Nc6 5. Nb5 e5 6. dxe5 a6 7. Nc3 d4 8. exf6
dxc3 9. Qxd8+ Nxd8 10. bxc3 gxf6 11. Bd3 Be6 12. Ne2 Bg7 13. Ng3 f5 14. O-O-O
Bxc3 15. Bxf5 Bxa2 16. Rd3 Bg7 17. Bd7+ Ke7 18. Nf5+ Kf6 19. Rd6+ Ne6 20. Nxg7
Kxg7 21. Bxe6 Bxe6 22. Be5+ Kg6 23. Bxh8 Rxh8 24. Rb6 Rb8 25. e4 Kg5 26. Re1 Bd7
27. f4+ Kh5 28. Rf6 Be6 29. Re3 Rg8 30. f5 Bc4 31. Rh3+ Kg5 32. Rg3+ Kxf6 33.
Rxg8 Ke5 34. Re8+ Kf6 35. Rc8 Bb5 36. Rxc5 Bc6 37. Kd2 Bxe4 38. g4 Kg5 39. Ke3
Bc6 40. h3 Bg2 41. Rc7 Bxh3 42. Rxf7 Bxg4 43. Ke4 Bd1 44. c3 b5 45. Rxh7 Bc2+
46. Ke5 Bxf5 47. Rg7+ Bg6 48. Ra7 Bd3 49. Rxa6 Bc4 50. Rf6 Bd3 51. Rf2 Kg6 52.
Kd4 Bc4 53. Kc5 Kg5 54. Rb2 1-0

[Event "Druzynowe Mistrzostwa Polski II Liga"]
[Site "Szklarska Poreba"]
[Date "1899-12-30"]
[Round "2.20"]
[White "Kasperek, Ryszard"]
[Black "Gbyl, Andrzej"]
[Result "1/2-1/2"]
[WhiteTitle "m"]
[BlackTitle "k+"]
[WhiteElo "2133"]
[BlackElo "2236"]

1. e4 e6 2. d4 d5 3. Nc3 Bb4 4. e5 c5 5. a3 Bxc3+ 6. bxc3 Ne7 7. Qg4 O-O 8. Bd3
Nbc6 9. Nf3 f5 10. exf6 Rxf6 11. Bg5 e5 12. Qg3 Rxf3 13. gxf3 c4 14. Be2 exd4
15. cxd4 Nxd4 16. Qe5 Nxc2+ 17. Kd2 Nxa1 18. Bxe7 Nb3+ 19. Kd1 Qd7 20. Rg1 g6
21. Rg5 Nd4 22. Qf6 Qa4+ 23. Ke1 Qa5+ 24. Kd1 Qa4+ 25. Ke1 Qa5+ 26. Kd1 Qa4+ 1/2-1/2

[Event "Druzynowe Mistrzostwa Polski II Liga"]
[Site "Szklarska Poreba"]
[Date "1899-12-30"]
[Round "2.21"]
[White "Golda, Sebastian"]
[Black "Puczylowski, Marcin"]
[Result "1-0"]
[WhiteTitle "k"]
[BlackTitle "k"]
[WhiteElo "2115"]
[BlackElo "2116"]

1. e4 c5 2. Nf3 Nc6 3. d4 cxd4 4. Nxd4 e5 5. Nb5 Nf6 6. N1c3 d6 7. Bg5 a6 8. Na3
b5 9. Bxf6 gxf6 10. Nd5 Bg7 11. Bd3 Be6 12. c3 O-O 13. Nc2 f5 14. Nce3 f4 15.
Nf5 Qg5 16. Qf3 Bxf5 17. exf5 Rac8 18. Be4 Nb8 19. h4 Qd8 20. f6 Bxf6 21. Qh5
Re8 22. Qxh7+ Kf8 23. h5 a5 24. Rh4 Rc4 25. Rg4 Rxe4+ 26. Qxe4 1-0

[Event "Druzynowe Mistrzostwa Polski II Liga"]
[Site "Szklarska Poreba"]
[Date "1899-12-30"]
[Round "2.22"]
[White "Kanarkiewicz, Michal"]
[Black "Wolak, Jacek"]
[Result "1/2-1/2"]
[WhiteTitle "k"]
[BlackTitle "I"]
[WhiteElo "2066"]
[BlackElo "1949"]

1. e4 e6 2. d4 d5 3. Bd3 dxe4 4. Bxe4 Nf6 5. Bf3 c5 6. Ne2 Qc7 7. Nbc3 Bd7 8. Bf4
Qb6 9. d5 exd5 10. Nxd5 Nxd5 11. Qxd5 Nc6 12. O-O-O Be6 13. Qg5 h6 14. Qg3 Nd4
15. Rhe1 Nf5 16. Qh3 Ne3 17. Qg3 Nf5 18. Qh3 Ne3 19. Qg3 Nf5 20. Qh3 Ne3 1/2-1/2

[Event "Druzynowe Mistrzostwa Polski II Liga"]
[Site "Szklarska Poreba"]
[Date "1899-12-30"]
[Round "2.23"]
[White "Kowalewski, Wladyslaw"]
[Black "Zurkowski, Andrzej"]
[Result "1/2-1/2"]
[WhiteTitle "I"]
[BlackTitle "k+"]
[WhiteElo "1668"]
[BlackElo "2048"]

1. e4 Nf6 2. Nc3 d6 3. d4 c6 4. f4 b5 5. e5 dxe5 6. fxe5 Nd5 7. Nf3 Bg4 8. Be2
e6 9. O-O Be7 10. h3 Bf5 11. Nxd5 Qxd5 12. Bg5 f6 13. Bh4 Nd7 14. c3 O-O 15. Nd2
Nb6 16. Bf3 Qd7 17. exf6 Bxf6 18. Bxf6 gxf6 19. Be4 Bg6 20. Qf3 Rac8 21. Bxg6
hxg6 22. Ne4 Nd5 23. Rae1 Rce8 24. Qg3 Kg7 25. Nc5 Qc7 26. Qg4 f5 27. Qg5 e5 28.
dxe5 Qb6 29. b4 Nxc3 30. Kh1 Qc7 31. Re3 Nd5 32. Rg3 Qf7 33. Nd7 Qe6 34. Nxf8
Rxf8 35. a3 f4 36. Rgf3 Rf5 37. Qd8 Rxe5 38. Qb8 Qe7 39. Qc8 Qd6 40. Rd1 Re7 41.
Rc3 Re6 42. Qb7+ Kh6 43. Qc8 Kg7 44. Qb7+ Qe7 45. Qxe7+ Nxe7 46. Rd7 Kh6 47. Rxa7
Re1+ 48. Kh2 Nd5 49. Rf3 Kg5 50. Rf7 Re2 51. Kg1 Ra2 52. Rf8 Ra1+ 53. Kh2 Ra2
54. Kg1 Rc2 55. g3 Rc1+ 56. Kh2 Rc2+ 57. Kh1 Rc4 58. Kh2 Rc2+ 59. Kg1 Rc1+ 60.
Kh2 1/2-1/2

[Event "Druzynowe Mistrzostwa Polski II Liga"]
[Site "Szklarska Poreba"]
[Date "1899-12-30"]
[Round "2.24"]
[White "Murawko, Katarzyna"]
[Black "Jedrocha, Katarzyna"]
[Result "1/2-1/2"]
[WhiteTitle "k"]
[BlackTitle "k"]
[WhiteElo "1988"]
[BlackElo "1902"]

1. e4 c5 2. Nf3 d6 3. Bb5+ Bd7 4. Bxd7+ Qxd7 5. O-O Nc6 6. c3 Nf6 7. Re1 g6 8.
d4 Bg7 9. Bf4 O-O 10. d5 Na5 11. Nbd2 b5 12. h3 Nb7 13. c4 Na5 14. cxb5 Qxb5 15.
Rb1 Rfc8 16. g4 a6 17. Re3 c4 18. Nd4 Qb6 19. N2f3 Nd7 20. Ra3 Nc5 21. Be3 Qc7
22. Qc2 Kf8 23. Bd2 Nab7 24. Nc6 Qd7 25. Qxc4 h5 26. Nh2 Nd8 27. Nxd8 Qxd8 28.
gxh5 Nd7 29. Qe2 Rc2 30. Qd1 Rc4 31. h6 Bf6 32. Qe1 Nc5 33. f3 Nd7 34. Ng4 Kg8
35. Bc3 Bg5 36. h4 Bf4 37. Kg2 Kh7 38. Qe2 Qc8 39. Rd1 Bxh6 40. Nxh6 Kxh6 41.
Rh1 Nf6 42. Bd2+ Kg7 43. Rc3 Rxc3 44. Bxc3 Qb7 45. Qe3 Rh8 46. Qf4 Qb5 47. Qe3
Rh5 48. Kf2 Qb7 49. Qd3 Qc8 50. Bd4 Qb7 51. Qc3 Qb5 52. b3 a5 53. a4 Qa6 54. Qc4
Qb7 55. Bc3 Qa7+ 56. Bd4 Qb7 57. Ke3 Rh8 58. Qb5 Qc7 59. Bb6 Qc3+ 60. Qd3 Qb4
61. Qb5 Qc3+ 62. Qd3 Qb4 63. Bd4 Rb8 64. Rb1 Qb7 65. Qc3 Qa6 66. Qc6 Qb7 67. Qxb7
Rxb7 68. Kd3 Kh6 69. Bxf6 exf6 70. Kc3 Rb4 71. Rg1 Kh5 72. Rg4 Rb7 73. Rf4 g5
74. hxg5 Kxg5 75. Rg4+ Kh5 76. Rg8 Rc7+ 77. Kd3 Rb7 78. Kc3 Rc7+ 79. Kb2 Kh4 80.
Rd8 Kg3 81. Rxd6 Kxf3 82. Rxf6+ Kxe4 83. Ra6 f5 84. Rxa5 f4 85. Ra8 Rf7 86. d6
f3 87. d7 Ke5 1/2-1/2

[Event "Druzynowe Mistrzostwa Polski II Liga"]
[Site "Szklarska Poreba"]
[Date "1899-12-30"]
[Round "2.25"]
[White "Cichocki, Adam"]
[Black "Molenda, Marcin"]
[Result "1-0"]
[WhiteTitle "FM"]
[BlackTitle "FM"]
[WhiteElo "2292"]
[BlackElo "2411"]

1. d4 Nf6 2. c4 c5 3. Nf3 cxd4 4. Nxd4 b6 5. g3 Bb7 6. Nf3 Qc7 7. Nbd2 e5 8. Bg2
e4 9. Nh4 Qe5 10. f4 Qd4 11. Qc2 Bb4 12. h3 O-O 13. a3 Ba5 14. Rb1 Nh5 15. Nf5
Qf6 16. Bxe4 Nc6 17. b4 d5 18. cxd5 Nd4 19. Nxd4 Qxd4 20. Nf3 Qf6 21. Bb2 Qh6
22. Kf2 Rac8 23. Qd3 1-0

[Event "Druzynowe Mistrzostwa Polski II Liga"]
[Site "Szklarska Poreba"]
[Date "1899-12-30"]
[Round "2.26"]
[White "Czerw, Dawid"]
[Black "Helis, Tadeusz"]
[Result "1-0"]
[WhiteTitle "k"]
[BlackTitle "FM"]
[WhiteElo "2260"]
[BlackElo "2233"]

1. d4 d5 2. c4 c6 3. Nc3 Nf6 4. Nf3 g6 5. cxd5 cxd5 6. Bf4 Bg7 7. e3 O-O 8. h3
Nc6 9. Bd3 b6 10. O-O Nb4 11. Be2 Ba6 12. Bxa6 Nxa6 13. Qa4 Nc7 14. Rac1 Ne6 15.
Be5 Ne4 16. Bh2 Nxc3 17. Rxc3 a6 18. Qc6 b5 19. Ra3 Qc8 20. Qxd5 Rd8 21. Qb3 Qc6
22. Qb4 Rd7 23. Rc3 Qd5 24. Qb3 Qb7 25. Rfc1 h6 26. Be5 Bf8 27. Bg3 Bg7 28. Rc6
Kh7 29. h4 Ra7 30. h5 Nd8 31. hxg6+ fxg6 32. Rc8 Qd5 33. Qxd5 Rxd5 34. R1c7 Rxc7
35. Rxc7 Bf8 36. e4 Rh5 37. Rc8 Ne6 38. d5 1-0

[Event "Druzynowe Mistrzostwa Polski II Liga"]
[Site "Szklarska Poreba"]
[Date "1899-12-30"]
[Round "2.27"]
[White "Walkusz, Witoslaw"]
[Black "Hrtanek, Jiri"]
[Result "1-0"]
[WhiteTitle "FM"]
[BlackTitle "I"]
[WhiteElo "2138"]
[BlackElo "1986"]

1. e4 c5 2. Nf3 Nc6 3. Bb5 d6 4. Bxc6+ bxc6 5. O-O Bg4 6. h3 Bd7 7. Re1 e5 8. c3
g6 9. d4 cxd4 10. cxd4 Bg7 11. dxe5 dxe5 12. Na3 Be6 13. Qa4 Ne7 14. Nc4 Qc7 15.
Be3 O-O 16. Bc5 Bxc4 17. Qxc4 Rac8 18. Red1 Rcd8 19. Qb4 Rxd1+ 20. Rxd1 Re8 21.
Bd6 Qd7 22. Rd2 Qe6 23. Ng5 Qf6 24. Bxe7 Rxe7 25. Rd8+ Bf8 26. Rxf8+ 1-0